Quizzes
Events
Quiz Creation
Community
Videos
Private Events
Remove Ads
Sign In
Join for FREE
Feedback
Dark Mode
Quiz Categories
Sports
Geography
Music
Movies
Television
Just For Fun
Miscellaneous
History
Literature
Language
Science
Gaming
Entertainment
Religion
Holiday
For Kids
Quiz Lab
Recent
Popular Today
Quiz Kudos Today
Editor Picks
Curator Picks
Quizzes by...
Day
Popularity
Type
Ratings
Length
Year
Community
Subscriptions
Recent Discussions
Orange Saloon
Badges
Playlists
Quests
Create
Leaderboards
Showdown
Live 5
Trivia Bingo
Activity
Puzzle Library
Sporcle Events
Private Events
Virtual Trivia
Globe League
Become a Host
Pub Owners
SporcleCon
Opinionation
Our Games
Videos
Blog
Mobile Apps
Partnerships
Remove Ads and Go Orange
Feedback
Sports
Athletes
MLB
NBA
NHL
NFL
Soccer
Sports Teams
WWE
NCAA
Football
Premier League
Basketball
Baseball
Hockey
Golf
Tennis
Cricket
Rugby
Auto Racing
Olympics
World Cup
Sports
Athletes
MLB
NBA
NHL
NFL
Soccer
Sports Teams
WWE
NCAA
Football
Premier League
Basketball
Baseball
Hockey
Golf
Tennis
Cricket
Rugby
Auto Racing
Olympics
World Cup
Random Quiz
Search Sporcle
×
Quiz Lab
Quiz Lab
Sports
Basketball
Type in answers that appear in a list
Type in answers that appear in a list
Classic
Best Score? Go Orange.
Highest NBA field goal percentage Stats
Can you name the Highest NBA field goal percentage?
By
TheBestDRose
5m
26 Questions
196 Plays
196 Plays
196 Plays
Comments
Comments
Give Quiz Kudos
Give Quiz Kudos
-
- Ratings
hide this ad
More Info
Replay
Link that replays current quiz
Next Quiz
Link to next quiz in quiz playlist
You Got
0%
They Got
Avg Score
25%
Avg Friend Score
Upgrade to see
Score Distribution
Jump to the score distribution portion of the page
Score
0/26
Timer
05:00
0
Plays Today
percentage
player
% Correct
.577
Shaquille O'Neal
88.3%
.540
Wilt Chamberlain
81.1%
.559
Kareem Abdul-Jabbar
67.3%
.572
Steve Johnson
47.4%
.554
Kevin McHale
40.3%
.537
Robert Parish
39.3%
.541
Charles Barkley
36.2%
.599
Artis Gilmore
34.2%
.531
Larry Smith
29.6%
.550
Bobby Jones
29.1%
.580
Mark West
28.1%
.549
Buck Williams
28.1%
.533
Dale Davis
22.4%
percentage
player
% Correct
.546
Otis Thorpe
12.2%
.540
Adrian Dantley
10.7%
.525
Bill Cartwright
10.7%
.572
Darryl Dawkins
9.7%
.546
Larry Nance
9.7%
.532
Brad Daugherty
9.2%
.571
James Donaldson
6.1%
.537
Swen Nater
6.1%
.546
Cedric Maxwell
5.6%
.525
Kiki Vandeweghe
3.1%
.569
Jeff Ruland
2.6%
.539
Gene Banks
2%
.528
Calvin Natt
2%
Quiz Playlist
Details
Report
Send in Message
Add To Playlist
More Info:
Do not use nicknames
Classic:
Type in answers that appear in a list
Last Updated: Feb 16, 2017
Quiz Scoreboard
CHALLENGE
Sign Up to Join the Scoreboard
Show All
Scores
Hide
Comments
May contain spoilers
Recently Published
College Basketball Coaching Resumes
by pancakes188
Sports
9m
Billboard Blitz: Fleetwood Mac
by CooCooCachoo
Music
15s
Presidents Visiting Landmarks
by Hejman
History
7m
More to Explore
Quiz From the Vault
Featured Blog Post
Where Did the Easter Bunny Come From?
hide this ad
You Might Also Like...
Tags
Basketball Quiz
NBA Quiz
field
goal
highest
Percentage
Player
Today's Top Quizzes in Sports
Browse Sports
hide this ad
Today's Top Quizzes in Basketball
Browse Basketball
Top Contributed Quizzes in Sports
1
2022 World Cup Stars
2
Les meilleurs buteurs des matchs entre le PSG et l’OM
3
FIFA Club World Cup Champions
4
Les entraîneurs de l'OM et du PSG au 21e siècle
5
Criteria MLB: Left Handed Sluggers
6
AFC Teams Reveal (Wrong Answers Minefield)
7
5-to-1: UK Sports Teams
8
5-to-1: FBS Animal Nicknames
9
2023 MLB Unique Player Accomplishments
10
Name the Premier League winners with different clubs
Explore More
Trending Topics
NBA
Anime
Crossword
Disney
Kpop
Marvel
Harry Potter
Song
Pokémon
WWE
Country
Soccer
NFL
Puzzle
The Office
hide this ad
More By:
TheBestDRose
Quiz
Plays
Rating
Category
Featured
Created
3 Largest Countries by Each Letter
109,534
4.64
Geography
May 1, 2012
Invisible NBA Teams
63,508
4.57
Sports
Mar 27, 2012
Oldest NBA All-Stars
49,349
4.81
Sports
Apr 1, 2017
NBA Top 10s (2016-17)
32,513
4.67
Sports
Apr 13, 2017
Click!
25,331
3.11
Just For Fun
Mar 31, 2012
Go to Creator's Profile
Score Distribution
Quiz Creator Spotlight
TheBestDRose
Follow
Send a Message
Quizzes Created
-
Created Quiz Play Count
-
More By This Creator
Popular Quizzes Today
1
Find the US States - No Outlines Minefield
2
Find the Countries of Europe - No Outlines Minefield
3
The Countries of the World
4
Find the US States
5
Risky Map Clicking: Biggest States A-Z
6
US States
7
Popular People in 1961
8
Movies - When Are They Set?
More Sports Quizzes
Over/Under: The Olympic Games
Published
Trending Quizzes
Risky Map Clicking: Least Populous States A-Z
1-10 Letter G Words
1-10 Letter F Words
Risky Map Clicking: Next State Alphabetically
Risky Map Clicking: Biggest States A-Z
Recently Updated
Leaping Animals
pecheneg
Reality TV Shows (A-Z)
bhenderson79
Rickey Henderson's Hall of Fame Teammates
pecheneg
Champions League XIs: Arsenal
pecheneg
Quick Pick: Celebrities in WWE's Hall of Fame
aduchscher
A-Z Keypad Blitz II
pecheneg
Multiple Oscar Actors
pecheneg
Mystery Phrase Blitz: Oscar 'Best Actors'
pecheneg
F. Scott Fitzgerald Novels
LTH
Pick 3 Villains
ddd62291
Trending Topics
Marvel
Harry Potter
Crossword
Anime
Disney
NBA
Kpop
NFL
Soccer
Pokémon
Song
The Office
Country
WWE
Puzzle
Your Account Isn't Verified!
In order to create a playlist on Sporcle, you need to verify the email address you used during registration. Go to your
Sporcle Settings
to finish the process.
Report this User
Report this user for behavior that violates our
Community Guidelines
.
Details:
Send Report
Go to the Sporcle.com Mobile Site →
Comments